| 000 | 01081nam a22003017a 4500 | ||
|---|---|---|---|
| 001 | 00227 | ||
| 003 | DO-SdBNP | ||
| 005 | 20170208100438.0 | ||
| 007 | 00227 | ||
| 008 | 160418b dr 19--||||| |||| 00| 0 spa d | ||
| 040 |
_aBPMSU _bspa _cBPMSU |
||
| 082 | 0 | 4 |
_a372.6561 _bC112L 6to. 1984 |
| 100 | 1 | _aCabanes Vicedo, Santiago | |
| 245 | 1 |
_aLengua española 6. : _bel lenguaje al servicio de la comunicación / _cSantiago Cabanes Vicedo |
|
| 260 |
_aSanto Domingo : _bSusaeta, _c19--?. |
||
| 300 |
_a255 p. : _bil., _c25 cm. |
||
| 490 | 1 | _aEscuela dominicana | |
| 500 | _aSexto grado de educación primaria. De acuerdo con los nuevos programas de la reforma de educación primaria de República Dominicana | ||
| 650 | 4 |
_aESPAÑOL _xENSEÑANZA BÁSICA |
|
| 650 | 4 |
_aESPAÑOL _xEDUCACIÓN PRIMARIA |
|
| 650 | 4 |
_aESPAÑOL _xLIBROS DE TEXTOS |
|
| 650 | 4 |
_aESPAÑOL _xESTUDIOS Y EJERCICIOS |
|
| 650 | 4 |
_aEDUCACIÓN PRIMARIA _zREPÚBLICA DOMINICANA |
|
| 830 | 0 | _aEscuela dominicana | |
| 910 | _aValidado. Control de calidad MFF | ||
| 942 |
_2ddc _cBK |
||
| 956 | _aBrenda Tavárez | ||
| 999 |
_c9821 _d9821 |
||